[Event "Guernsey op 44th"]
[Site "Vale"]
[Date "2018.10.21"]
[Round "1"]
[White "Morcom, Huw"]
[Black "Heppell, Ian"]
[Result "1/2-1/2"]
[WhiteElo "1901"]
[BlackElo "2031"]
[PlyCount "87"]
[EventDate "2018.10.21"]
[EventType "swiss"]
[EventRounds "7"]
[EventCountry "GCI"]
[SourceTitle "CBM 187 Extra"]
[Source "ChessBase"]
[SourceDate "2018.11.04"]
[SourceVersion "1"]
[SourceVersionDate "2018.11.04"]
[SourceQuality "1"]

1. Nf3 d6 2. e4 e5 3. Be2 Nf6 4. d3 Nbd7 5. 0-0 Be7 6. h3 c6 7. c4 d5 8. Nc3 dxc4 9. dxc4 Qc7 10. a3 a5 11. Be3 0-0 12. Qc2 Re8 13. Rad1 Bc5 14. Bg5 h6 15. Bh4 Nh5 16. Kh1 Nf8 17. Na4 Be7 18. c5 Nf4 19. Nb6 Rb8 20. Bxe7 Qxe7 21. Nxc8 Rbxc8 22. Bc4 Rcd8 23. b4 axb4 24. axb4 N8e6 25. Kh2 Nd4 26. Nxd4 exd4 27. Rfe1 Qf6 28. f3 Re5 29. g3 Rh5 30. Bf1 Ne6 31. Rd3 g5 32. Qe2 Qe5 33. Bg2 Kh7 34. Qf2 Rg8 35. Kg1 Rg6 36. Kf1 Rf6 37. Ke2 Rg6 38. Kd1 Rg8 39. Rd2 Re8 40. Ra2 f5 41. Ra7 Re7 42. exf5 Qxf5 43. Qc2 Qg6 44. Re2 1/2-1/2

[Event "WchT Seniors 50"]
[Site "Dresden"]
[Date "2018.07.11"]
[Round "5.4"]
[White "Morcom, Huw"]
[Black "Eriksson, Urban"]
[Result "0-1"]
[WhiteElo "1921"]
[BlackElo "1875"]
[PlyCount "66"]
[EventDate "2018.07.07"]
[EventType "team-swiss"]
[EventRounds "9"]
[EventCountry "GER"]
[SourceTitle "EXT 2021"]
[Source "ChessBase"]
[SourceDate "2020.10.23"]
[SourceVersion "1"]
[SourceVersionDate "2020.10.23"]
[SourceQuality "1"]
[WhiteTeam "Wales Silures"]
[BlackTeam "Sweden North"]
[WhiteTeamCountry "WLS"]
[BlackTeamCountry "SWE"]

1. e4 e6 2. d3 d5 3. Nd2 Nf6 4. Ngf3 Bc5 5. e5 Nfd7 6. d4 Bb6 7. b4 a5 8. c3 axb4 9. cxb4 Nc6 10. Nb3 Nxb4 11. a3 Na6 12. Bd3 c5 13. dxc5 Naxc5 14. Nxc5 Nxc5 15. 0-0 Nxd3 16. Qxd3 h6 17. Rb1 Bd7 18. Be3 Bxe3 19. fxe3 Bc6 20. Nd4 0-0 21. Rfc1 Qe7 22. Rc3 f6 23. Nf3 fxe5 24. Nxe5 Qf6 25. Nf3 e5 26. Qd2 Rad8 27. Rcc1 d4 28. Rf1 dxe3 29. Qxe3 e4 30. Nd2 Qd4 31. Rxf8+ Kxf8 32. Qxd4 Rxd4 33. Nb3 Rd3 0-1

[Event "WchT Seniors 50"]
[Site "Dresden"]
[Date "2018.07.10"]
[Round "4.4"]
[White "Dietze, Frank Heinz"]
[Black "Morcom, Huw"]
[Result "1-0"]
[WhiteElo "2071"]
[BlackElo "1921"]
[PlyCount "161"]
[EventDate "2018.07.07"]
[EventType "team-swiss"]
[EventRounds "9"]
[EventCountry "GER"]
[SourceTitle "EXT 2021"]
[Source "ChessBase"]
[SourceDate "2020.10.23"]
[SourceVersion "1"]
[SourceVersionDate "2020.10.23"]
[SourceQuality "1"]
[WhiteTeam "Leipzig Schachfreunde II"]
[BlackTeam "Wales Silures"]
[WhiteTeamCountry "GER"]
[BlackTeamCountry "WLS"]

1. d4 Nf6 2. c4 c5 3. d5 b5 4. cxb5 a6 5. bxa6 Bxa6 6. Nc3 d6 7. Nf3 g6 8. g3 Bg7 9. Bg2 0-0 10. Rb1 Nbd7 11. 0-0 Qc7 12. b3 Rfb8 13. Qd2 Rb7 14. Bb2 Qb8 15. Rfc1 Nb6 16. Ba1 Nc8 17. h3 Na7 18. Qd1 Nb5 19. Nxb5 Bxb5 20. a4 Bd7 21. Nd2 Bh6 22. f4 Nh5 23. Kh2 Bg7 24. Bxg7 Nxg7 25. e4 Rb4 26. Nc4 Bc8 27. g4 Ba6 28. Bf1 Qc7 29. Qf3 Bc8 30. Qc3 Ne8 31. Bg2 Nf6 32. e5 Ne8 33. Re1 Ba6 34. Bf1 Bb7 35. Red1 Qd7 36. Bg2 Nc7 37. exd6 exd6 38. Qf6 Ne8 39. Qh4 Qd8 40. Qxd8 Rxd8 41. Kg3 Ba6 42. Na5 Rd7 43. Nc6 Rb6 44. a5 Rbb7 45. b4 cxb4 46. Nxb4 Ra7 47. Nc6 Ra8 48. Rb8 Rxb8 49. Nxb8 Ra7 50. Nc6 Ra8 51. Rb1 Kf8 52. Rb4 Nc7 53. g5 Ke8 54. Re4+ Kf8 55. Re7 Nb5 56. h4 Nd4 57. Rc7 Nf5+ 58. Kh3 Ne3 59. Ra7 Rxa7 60. Nxa7 Nxg2 61. Kxg2 Bc4 62. Kf2 Bxd5 63. Nc8 Ke8 64. Nxd6+ Kd7 65. Nb5 Kc6 66. Nc3 Bc4 67. Ke3 Kc5 68. Ke4 Kb4 69. Nd5+ Kxa5 70. Nf6 Kb6 71. Ke5 Kc6 72. Nxh7 Kd7 73. Kf6 Ke8 74. Kg7 Be6 75. Nf6+ Ke7 76. h5 gxh5 77. Nxh5 Bf5 78. Ng3 Be6 79. f5 Bb3 80. f6+ Ke6 81. g6 1-0

[Event "Bridgend South Wales op"]
[Site "Bridgend"]
[Date "2018.01.07"]
[Round "4"]
[White "Van Kemenade, Rudy"]
[Black "Morcom, Huw"]
[Result "1-0"]
[WhiteElo "1969"]
[BlackElo "1930"]
[PlyCount "105"]
[EventDate "2018.01.05"]
[EventType "swiss"]
[EventRounds "5"]
[EventCountry "WLS"]
[SourceTitle "CBM 182 Extra"]
[Source "ChessBase"]
[SourceDate "2018.02.23"]
[SourceVersion "1"]
[SourceVersionDate "2018.02.23"]
[SourceQuality "1"]

1. e4 c5 2. Nf3 d6 3. Bb5+ Nd7 4. 0-0 a6 5. Bd3 Ngf6 6. c3 Qc7 7. Bc2 g6 8. d4 Bg7 9. Re1 0-0 10. h3 e5 11. dxe5 dxe5 12. Bg5 b5 13. a4 Bb7 14. Na3 Bc6 15. axb5 axb5 16. Qd2 Rfe8 17. Rad1 Qb7 18. Qe2 Bf8 19. Bc1 c4 20. Nb1 Nc5 21. Nbd2 Rad8 22. Qe3 Nd3 23. Bxd3 Rxd3 24. Qg5 Qe7 25. Nf1 Nxe4 26. Qxe7 Rxe7 27. Rxd3 cxd3 28. Re3 Bh6 29. Rxe4 Bxc1 30. Rxe5 Rc7 31. Rc5 Bf4 32. Ne5 Bxe5 33. Rxe5 Kf8 34. Re3 Rd7 35. Nd2 f5 36. f3 f4 37. Re6 Bd5 38. Rf6+ Rf7 39. Rxf7+ Kxf7 40. Kf2 Ke6 41. b3 Ke5 42. Ke1 g5 43. c4 bxc4 44. bxc4 Bc6 45. Nb3 Ba4 46. Nc5 Bc2 47. Kd2 Kd4 48. Ne6+ Kxc4 49. Nxg5 Kd5 50. Nxh7 Ke6 51. Ng5+ Kf5 52. Ne4 Kg6 53. Nf2 1-0

[Event "WLS-ch 63rd"]
[Site "Cardiff"]
[Date "2017.04.17"]
[Round "6"]
[White "Ralphs, Nigel"]
[Black "Morcom, Huw"]
[Result "1-0"]
[WhiteElo "2058"]
[BlackElo "1925"]
[PlyCount "59"]
[EventDate "2017.04.14"]
[EventType "swiss"]
[EventRounds "7"]
[EventCountry "WLS"]
[SourceTitle "CBM 177 Extra"]
[Source "ChessBase"]
[SourceDate "2017.04.27"]
[SourceVersion "1"]
[SourceVersionDate "2017.04.27"]
[SourceQuality "1"]

1. e4 c5 2. Nf3 d6 3. d4 cxd4 4. Nxd4 Nf6 5. Nc3 a6 6. f3 e5 7. Nb3 h6 8. Be3 Be6 9. Qd2 Nbd7 10. 0-0-0 Qc7 11. Kb1 Be7 12. g4 Nb6 13. h4 0-0-0 14. Qf2 Nfd7 15. Nd5 Bxd5 16. exd5 Nc5 17. Nxc5 dxc5 18. c4 Nd7 19. Bd3 Bd6 20. Ka1 Rhe8 21. Be4 Nf6 22. Rd3 h5 23. g5 Nxe4 24. fxe4 g6 25. b4 b6 26. bxc5 Bxc5 27. Bxc5 Qxc5 28. Qxc5+ bxc5 29. Rf1 Re7 30. Rf6 1-0

[Event "WLS-ch 63rd"]
[Site "Cardiff"]
[Date "2017.04.14"]
[Round "1"]
[White "Morcom, Huw"]
[Black "Hatchett, Paul"]
[Result "1/2-1/2"]
[WhiteElo "1925"]
[BlackElo "2022"]
[PlyCount "59"]
[EventDate "2017.04.14"]
[EventType "swiss"]
[EventRounds "7"]
[EventCountry "WLS"]
[SourceTitle "CBM 177 Extra"]
[Source "ChessBase"]
[SourceDate "2017.04.27"]
[SourceVersion "1"]
[SourceVersionDate "2017.04.27"]
[SourceQuality "1"]

1. e4 Nf6 2. d3 e5 3. Nf3 Nc6 4. Be2 d5 5. Nbd2 Bc5 6. 0-0 0-0 7. Nb3 Bb6 8. exd5 Qxd5 9. Bg5 Nd7 10. Be3 Bxe3 11. fxe3 Nf6 12. e4 Qd6 13. Kh1 Ng4 14. Qd2 f5 15. exf5 Rxf5 16. Ng5 Qh6 17. Nh3 Ne3 18. Rf3 Rxf3 19. Bxf3 Bxh3 20. Re1 Nxc2 21. Qxc2 Bd7 22. Nc5 Rd8 23. Qc4+ Kh8 24. Nxb7 Rf8 25. Nc5 Qd2 26. Qc1 Qxc1 27. Rxc1 Be8 28. Ne6 Rf7 29. Kg1 Nb4 30. Rxc7 1/2-1/2

[Event "Guernsey op 42nd"]
[Site "Vale"]
[Date "2016.10.18"]
[Round "3"]
[White "Morcom, Huw"]
[Black "Hoogland, Rob"]
[Result "1-0"]
[WhiteElo "1961"]
[BlackElo "1813"]
[PlyCount "73"]
[EventDate "2016.10.16"]
[EventType "swiss"]
[EventRounds "7"]
[EventCountry "GCI"]
[SourceTitle "CBM 175 Extra"]
[Source "ChessBase"]
[SourceDate "2016.12.12"]
[SourceVersion "1"]
[SourceVersionDate "2016.12.12"]
[SourceQuality "1"]

1. e4 c5 2. Nf3 g6 3. d3 Bg7 4. Be2 Nc6 5. 0-0 e6 6. Nbd2 Nge7 7. Re1 0-0 8. Bf1 d5 9. c3 b5 10. Nb3 Qb6 11. Be3 d4 12. cxd4 cxd4 13. Bg5 e5 14. Qd2 f6 15. Bh6 Be6 16. Bxg7 Kxg7 17. Rec1 Bxb3 18. axb3 a5 19. Be2 Nb4 20. h4 Qd6 21. Nh2 h5 22. g4 hxg4 23. Bxg4 Rh8 24. Nf3 Rh6 25. Kg2 Nec6 26. Rh1 Qe7 27. Rag1 Rhh8 28. Kf1 Kf7 29. h5 g5 30. Bf5 Rag8 31. h6 Qc5 32. h7 Rg7 33. Nxg5+ fxg5 34. Rxg5 Qf8 35. Rhg1 Rgxh7 36. Bxh7 Rxh7 37. Rf5+ 1-0

[Event "South Wales op 13th"]
[Site "Cardiff"]
[Date "2016.07.08"]
[Round "3"]
[White "Morcom, Huw"]
[Black "Bridges, Paul"]
[Result "1/2-1/2"]
[WhiteElo "1952"]
[BlackElo "1812"]
[PlyCount "61"]
[EventDate "2016.07.07"]
[EventType "swiss"]
[EventRounds "10"]
[EventCountry "WLS"]
[SourceTitle "EXT 2017"]
[Source "ChessBase"]
[SourceDate "2016.10.25"]
[SourceVersion "1"]
[SourceVersionDate "2016.10.25"]
[SourceQuality "1"]

1. e4 c5 2. Nf3 e6 3. d3 Nc6 4. g3 d6 5. Bg2 g6 6. 0-0 Bg7 7. Nbd2 Nf6 8. Re1 0-0 9. Nf1 Qc7 10. c3 b6 11. Bg5 Bb7 12. h4 Rfe8 13. N1h2 h6 14. Be3 d5 15. e5 Nd7 16. d4 cxd4 17. cxd4 Rac8 18. Qd2 Kh7 19. Rac1 Qb8 20. Bf1 a6 21. Bd3 Ne7 22. Ng4 Ng8 23. h5 Rxc1 24. Rxc1 Rc8 25. Nh4 Nf8 26. Bf4 Rxc1+ 27. Qxc1 Qc8 28. Qb1 Qe8 29. Qc1 Qc8 30. Qd2 a5 31. Kh2 1/2-1/2

[Event "South Wales op 13th"]
[Site "Cardiff"]
[Date "2016.07.07"]
[Round "1"]
[White "Morcom, Huw"]
[Black "Chatalbashev, Boris"]
[Result "0-1"]
[WhiteElo "1952"]
[BlackElo "2545"]
[PlyCount "54"]
[EventDate "2016.07.07"]
[EventType "swiss"]
[EventRounds "10"]
[EventCountry "WLS"]
[SourceTitle "EXT 2017"]
[Source "ChessBase"]
[SourceDate "2016.10.25"]
[SourceVersion "1"]
[SourceVersionDate "2016.10.25"]
[SourceQuality "1"]

1. Nf3 g6 2. e4 Bg7 3. d4 d6 4. Be2 Nf6 5. Nbd2 0-0 6. 0-0 Nc6 7. d5 Nb8 8. Re1 c6 9. c4 Nbd7 10. h3 a5 11. Bf1 Nc5 12. a4 Qb6 13. Ra3 Bd7 14. dxc6 Bxc6 15. e5 Nfd7 16. exd6 exd6 17. b3 Rfe8 18. Re2 Ne5 19. Nxe5 dxe5 20. Qc2 Rad8 21. Nb1 e4 22. Be3 f5 23. Rd2 Rxd2 24. Qxd2 Qb4 25. Qd6 Nd3 26. c5 Be5 27. Bd2 Bxd6 0-1

[Event "South Wales op 13th"]
[Site "Cardiff"]
[Date "2016.07.07"]
[Round "2"]
[White "Robertson, Jim"]
[Black "Morcom, Huw"]
[Result "1/2-1/2"]
[WhiteElo "1649"]
[BlackElo "1952"]
[PlyCount "75"]
[EventDate "2016.07.07"]
[EventType "swiss"]
[EventRounds "10"]
[EventCountry "WLS"]
[SourceTitle "EXT 2017"]
[Source "ChessBase"]
[SourceDate "2016.10.25"]
[SourceVersion "1"]
[SourceVersionDate "2016.10.25"]
[SourceQuality "1"]

1. d4 g6 2. e3 Bg7 3. f4 Nf6 4. Nf3 d6 5. Bc4 0-0 6. 0-0 a6 7. a4 d5 8. Bd3 c5 9. c3 b6 10. Nbd2 Bb7 11. Ng5 h6 12. Nh3 Nbd7 13. f5 g5 14. Nf2 e5 15. fxe6 fxe6 16. b3 e5 17. Bb2 e4 18. Be2 Rf7 19. c4 Qe7 20. cxd5 Bxd5 21. dxc5 Nxc5 22. Nc4 Rd8 23. Qc2 b5 24. axb5 axb5 25. Na5 b4 26. Rfd1 Rff8 27. Nc4 Nd3 28. Nxd3 exd3 29. Bxd3 Ng4 30. Bh7+ Kh8 31. Bxg7+ Qxg7 32. Bf5 Ne5 33. Nxe5 Qxe5 34. e4 Be6 35. Rxd8 Rxd8 36. Rd1 Rf8 37. Bxe6 Qxe6 38. Qd3 1/2-1/2

[Event "Guernsey op 41st"]
[Site "Vale"]
[Date "2015.10.24"]
[Round "7"]
[White "Plug, Arjan JH"]
[Black "Morcom, Huw"]
[Result "1/2-1/2"]
[WhiteElo "1824"]
[BlackElo "1966"]
[PlyCount "81"]
[EventDate "2015.10.18"]
[EventType "swiss"]
[EventRounds "7"]
[EventCountry "GCI"]
[SourceTitle "EXT 2017"]
[Source "ChessBase"]
[SourceDate "2016.10.25"]
[SourceVersion "1"]
[SourceVersionDate "2016.10.25"]
[SourceQuality "1"]

1. e4 c5 2. Nc3 a6 3. g3 Nc6 4. Bg2 g6 5. d3 Bg7 6. Nge2 d6 7. 0-0 Nf6 8. Bg5 h6 9. Be3 0-0 10. h3 e5 11. f4 Nd4 12. fxe5 dxe5 13. Qd2 Kh7 14. Rf2 Be6 15. Raf1 Ng8 16. Nd5 b6 17. c3 Nc6 18. b4 cxb4 19. Bxb6 bxc3 20. Qxc3 Qd7 21. Bc5 Rfb8 22. Nb6 Rxb6 23. Bxb6 Bxa2 24. Rc1 Nge7 25. Qa3 Be6 26. Kh2 Bf8 27. Qa1 Qxd3 28. Bc7 Nd4 29. Nxd4 Qxd4 30. Qxd4 exd4 31. Bb6 a5 32. Bxd4 a4 33. Bf1 Rc8 34. Rfc2 Rxc2+ 35. Rxc2 a3 36. Ba1 Nc8 37. Bc4 Bxc4 38. Rxc4 Nd6 39. Ra4 Nb7 40. Ra7 Nc5 41. Rxa3 1/2-1/2

[Event "Guernsey op 41st"]
[Site "Vale"]
[Date "2015.10.22"]
[Round "5"]
[White "Dilleigh, Stephen P"]
[Black "Morcom, Huw"]
[Result "1-0"]
[WhiteElo "2074"]
[BlackElo "1966"]
[PlyCount "59"]
[EventDate "2015.10.18"]
[EventType "swiss"]
[EventRounds "7"]
[EventCountry "GCI"]
[SourceTitle "EXT 2017"]
[Source "ChessBase"]
[SourceDate "2016.10.25"]
[SourceVersion "1"]
[SourceVersionDate "2016.10.25"]
[SourceQuality "1"]

1. Nf3 g6 2. d4 Bg7 3. e4 c6 4. h3 d5 5. Nbd2 dxe4 6. Nxe4 Nf6 7. Nxf6+ exf6 8. Bd3 0-0 9. 0-0 Re8 10. Be3 Nd7 11. Qd2 Nf8 12. Rfe1 Be6 13. c4 Qd7 14. Qc2 Rac8 15. Rad1 Qc7 16. Bd2 Red8 17. Bc3 a6 18. Qd2 h5 19. b3 Kh7 20. Qb2 Kg8 21. Nd2 Qf4 22. g3 Qc7 23. Bf1 g5 24. Ne4 Bf5 25. Bg2 g4 26. h4 Bg6 27. d5 Bxe4 28. Bxe4 cxd5 29. Bxd5 Nd7 30. Re7 1-0

[Event "Guernsey op 38th"]
[Site "Guernsey"]
[Date "2012.10.25"]
[Round "5"]
[White "Broek, Thomas"]
[Black "Morcom, Huw"]
[Result "1-0"]
[WhiteElo "2217"]
[BlackElo "1958"]
[PlyCount "95"]
[EventDate "2012.10.21"]
[EventType "swiss"]
[EventRounds "7"]
[EventCountry "GCI"]
[SourceTitle "EXT 2013"]
[Source "ChessBase"]
[SourceDate "2012.11.22"]
[SourceVersion "1"]
[SourceVersionDate "2012.11.22"]
[SourceQuality "1"]

1. Nf3 c5 2. e4 d6 3. d4 cxd4 4. Nxd4 Nf6 5. Nc3 a6 6. Bc4 Qc7 7. Bb3 g6 8. Bg5 Nbd7 9. Qd2 h6 10. Be3 Bg7 11. 0-0 Nc5 12. h3 Nxb3 13. axb3 Rb8 14. Nd5 Nxd5 15. exd5 Bd7 16. c4 Kf8 17. Rfc1 Kg8 18. b4 Kh7 19. c5 e5 20. Nb3 f5 21. f4 Bb5 22. Na5 Rhc8 23. Nc4 Bxc4 24. Rxc4 Bf8 25. b3 Ra8 26. Re1 dxc5 27. fxe5 Qxe5 28. Bxh6 Bxh6 29. Rh4 Qd4+ 30. Rxd4 Bxd2 31. Re7+ Kg8 32. Rxd2 cxb4 33. Rxb7 Rab8 34. Ra7 Ra8 35. Re7 Re8 36. Rc7 Red8 37. d6 a5 38. h4 Ra6 39. d7 Raa8 40. Rd6 Kf7 41. Kh2 a4 42. bxa4 Rab8 43. Rc2 b3 44. Rb2 Rb4 45. g3 Rxa4 46. Rxb3 Ra7 47. Rbb6 Ra2+ 48. Kh3 1-0

[Event "Guernsey op 38th"]
[Site "Guernsey"]
[Date "2012.10.21"]
[Round "1"]
[White "Morcom, Huw"]
[Black "Hamperl, Fred A"]
[Result "0-1"]
[WhiteElo "1958"]
[BlackElo "2130"]
[PlyCount "62"]
[EventDate "2012.10.21"]
[EventType "swiss"]
[EventRounds "7"]
[EventCountry "GCI"]
[SourceTitle "EXT 2013"]
[Source "ChessBase"]
[SourceDate "2012.11.22"]
[SourceVersion "1"]
[SourceVersionDate "2012.11.22"]
[SourceQuality "1"]

1. e4 c5 2. Nf3 Nc6 3. Nc3 e5 4. Bb5 d6 5. h3 Be7 6. Nd5 Nf6 7. Nxe7 Qxe7 8. d3 0-0 9. Bg5 h6 10. Bh4 Be6 11. Bxc6 bxc6 12. g4 Rab8 13. Qc1 Rb7 14. g5 hxg5 15. Bxg5 c4 16. Rg1 Rfb8 17. b3 cxd3 18. cxd3 Kf8 19. Bh4 d5 20. Qg5 Qb4+ 21. Nd2 Ne8 22. Qxe5 dxe4 23. Qxe4 Qc3 24. Ke2 f6 25. Rac1 Qa5 26. Qh7 Re7 27. Qh8+ Bg8+ 28. Ne4 Qxa2+ 29. Ke3 Rxb3 30. Rxc6 Rxe4+ 31. Kxe4 Qe2+ 0-1

[Event "Guernsey op"]
[Site "Grand Havre Bay"]
[Date "2010.10.21"]
[Round "5"]
[White "Morcom, Huw"]
[Black "Thurlow, Kevin J"]
[Result "1/2-1/2"]
[WhiteElo "1950"]
[BlackElo "2045"]
[PlyCount "61"]
[EventDate "2010.10.17"]
[EventType "swiss"]
[EventRounds "7"]
[EventCountry "GCI"]
[SourceTitle "EXT 2011"]
[Source "ChessBase"]
[SourceDate "2010.11.26"]
[SourceVersion "1"]
[SourceVersionDate "2010.11.26"]
[SourceQuality "1"]

1. e4 c5 2. b4 cxb4 3. a3 e6 4. Bb2 Nc6 5. Nf3 Nf6 6. e5 Nd5 7. axb4 Bxb4 8. c4 Nf4 9. g3 Ng6 10. Bg2 b6 11. 0-0 Bb7 12. d4 Na5 13. Ra4 Be7 14. d5 Bc5 15. Nc3 0-0 16. Re1 Rc8 17. Bf1 f6 18. Ne4 fxe5 19. Nxc5 Rxc5 20. Ba3 d6 21. Bxc5 dxc5 22. Nxe5 Nxe5 23. Rxe5 exd5 24. cxd5 Nc6 25. Rh5 Nd4 26. Rxd4 cxd4 27. Qxd4 Qf6 28. Re5 Rd8 29. Bc4 Kh8 30. Qe4 Rf8 31. f4 1/2-1/2